000 00347nam a2200145Ia 4500
008 221030s9999 xx 000 0 und d
020 _a8188458538
041 _aEnglish
100 _aJ. B. Gupta
245 2 _aA course in Electrical Power
_cby J. B. Gupta
260 _bKatson
_aNew Delhi
_c2018
300 _a1631
650 _aEE
942 _cBK
999 _c18293
_d18293